00233nam a2200097Ia 4500008004100000100002300041245002800064260002700092300000800119650000800127191201s2011 xx 000 0 und d aJOSHI,Rakesh mohan 0aInternational Marketing c2011bOxfordaN. delhi a750 aMBA